History Quiz

Random History or Europe Quiz
Score 0/200 Timer 20:00
0 Plays Today
Party MP % Correct
True FinnsTimo Soini
95.5%
Centre PartyJuha Sipilä
92.9%
True FinnsJussi Niinistö
92%
Green LeagueVille Niinistö
92%
National Coalition PartyAlexander Stubb
89.3%
Left AllianceLi Andersson
87.5%
National Coalition PartyPetteri Orpo
84.8%
Christian DemocratsPäivi Räsänen
84.8%
Left AlliancePaavo Arhinmäki
83.9%
Social Democratic PartyJoona Räsänen
81.3%
Social Democratic PartyAntti Rinne
80.4%
Swedish People's PartyAnna-Maja Henriksson
75.9%
Social Democratic PartyHarry Wallin
75%
Swedish People's PartyStefan Wallin
75%
True FinnsTeuvo Hakkarainen
73.2%
Christian DemocratsSari Essayah
73.2%
True FinnsSampo Terho
71.4%
National Coalition PartyBen Zyskowicz
71.4%
Green LeagueTouko Aalto
68.8%
National Coalition PartySusanna Koski
67.9%
Centre PartyMauri Pekkarinen
66.1%
True FinnsJari Lindström
66.1%
National Coalition PartyPaula Risikko
66.1%
National Coalition PartySanni Grahn-Laasonen
65.2%
Social Democratic PartyJutta Urpilainen
65.2%
True FinnsSimon Elo
64.3%
Social Democratic PartyErkki Tuomioja
64.3%
Centre PartyMatti Vanhanen
63.4%
National Coalition PartyHjallis Harkimo
62.5%
Green LeaguePekka Haavisto
62.5%
National Coalition PartyIlkka Kanerva
61.6%
Centre PartyMikko Alatalo
60.7%
Social Democratic PartyEero Heinäluoma
60.7%
Centre PartyTimo Korhonen
59.8%
Centre PartyAntti Kaikkonen
58.9%
Centre PartySeppo Kääriäinen
56.3%
National Coalition PartyJaana Pelkonen
56.3%
Social Democratic PartySanna Marin
56.3%
Centre PartyAnne Berner
55.4%
True FinnsToimi Kankaanniemi
55.4%
True FinnsKike Elomaa
54.5%
True FinnsPirkko Mattila
54.5%
Green LeagueEmma Kari
54.5%
Swedish People's PartyAnders Adlercreutz
54.5%
Social Democratic PartyMika Kari
53.6%
Green LeagueOuti Alanko-Kahiluoto
53.6%
Green LeagueJani Toivola
53.6%
Centre PartySirkka-Liisa Anttila
52.7%
Centre PartyElsi Katainen
52.7%
True FinnsJani Mäkelä
52.7%
National Coalition PartyOuti Mäkelä
52.7%
True FinnsLaura Huhtasaari
51.8%
National Coalition PartyPauli Kiuru
51.8%
Social Democratic PartyNasima Razmyar
51.8%
Social Democratic PartyKrista Kiuru
51.8%
Left AllianceSilvia Modig
51.8%
Centre PartyTimo Kalli
50.9%
Centre PartyKimmo Tiilikainen
50.9%
Social Democratic PartyAntti Lindtman
50.9%
Green LeagueOzan Yanar
50.9%
Centre PartyJuha Rehula
50%
Centre PartyMikko Kärnä
49.5%
Centre PartyAnnika Saarikko
49.1%
True FinnsHanna Mäntylä
49.1%
Green LeagueAntero Vartia
49.1%
National Coalition PartySinuhe Wallinheimo
47.3%
Centre PartyPekka Puska
47.2%
Party MP % Correct
National Coalition PartyWille Rydman
46.4%
True FinnsMaria Lohela
44.6%
National Coalition PartyEero Lehti
44.6%
National Coalition PartyKalle Jokinen
44.6%
Green LeagueJyrki Kasvi
43.8%
True FinnsRami Lehto
42%
True FinnsPentti Oinonen
42%
Social Democratic PartyTimo Harakka
42%
Swedish People's PartyEva Biaudet
42%
Centre PartyKauko Juhantalo
41.1%
Centre PartyKatri Kulmuni
41.1%
Left AllianceMarkus Mustajärvi
41.1%
True FinnsVille Tavio
40.2%
Centre PartyMarkus Lohi
39.3%
True FinnsJuho Eerola
39.3%
National Coalition PartyJuhana Vartiainen
39.3%
National Coalition PartyAntti Häkkänen
39.3%
Green LeagueHeli Järvinen
39.3%
Swedish People's PartyVeronica Rehn-Kivi
38.9%
True FinnsVeera Ruoho
38.4%
True FinnsOlli Immonen
38.4%
National Coalition PartyAnne-Mari Virolainen
38.4%
Green LeagueSatu Hassi
38.4%
National Coalition PartyLenita Toivakka
37.5%
Social Democratic PartyMaarit Feldt-Ranta
37.5%
Social Democratic PartyTytti Tuppurainen
37.5%
Swedish People's PartyMats Löfström
37.5%
Green LeagueOlli-Poika Parviainen
36.6%
Green LeagueKrista Mikkonen
36.6%
Left AllianceAnnika Lapintie
36.6%
Centre PartyUlla Parviainen
35.7%
National Coalition PartyElina Lepomäki
35.7%
Centre PartyHannakaisa Heikkinen
34.8%
True FinnsMika Niikko
34.8%
Christian DemocratsSari Tanus
34.8%
True FinnsLeena Meri
34.3%
Christian DemocratsPeter Östman
33.9%
Social Democratic PartyJukka Gustafsson
33%
Centre PartyOlavi Ala-Nissilä
32.1%
National Coalition PartyKai Mykkänen
32.1%
Social Democratic PartyMaria Guzenina
32.1%
Swedish People's PartyMikaela Nylander
32.1%
Christian DemocratsAntero Laukkanen
32.1%
Centre PartyTapani Tölli
31.3%
True FinnsTom Packalén
31.3%
Social Democratic PartyTuula Haatainen
31.3%
Left AllianceJari Myllykoski
31.3%
Centre PartyMika Lintilä
30.4%
National Coalition PartySofia Vikman
30.4%
National Coalition PartySaara-Sofia Siren
30.4%
Centre PartyAnu Vehviläinen
29.5%
Left AllianceHanna Sarkkinen
29.5%
True FinnsTiina Elovaara
28.6%
National Coalition PartyArto Satonen
28.6%
Social Democratic PartyEeva-Johanna Eloranta
28.6%
Social Democratic PartyLauri Ihalainen
28.6%
Centre PartyJari Leppä
27.7%
National Coalition PartySari Multala
27.7%
Social Democratic PartyKristiina Salonen
27.7%
Left AllianceAnna Kontula
27.7%
True FinnsKimmo Kivelä
26.8%
National Coalition PartySari Sarkomaa
26.8%
National Coalition PartyTimo Heinonen
26.8%
Swedish People's PartyJoakim Strand
26.8%
Swedish People's PartyMats Nylund
26.8%
True FinnsKaj Turunen
25.9%
National Coalition PartyJaana Laitinen-Pesola
25.9%
Party MP % Correct
Social Democratic PartyIlmari Nurminen
25.9%
Social Democratic PartyTarja Filatov
25.9%
Left AllianceMatti Semi
25.9%
Swedish People's PartyThomas Blomqvist
25%
True FinnsSami Savio
24.1%
True FinnsMika Raatikainen
23.2%
True FinnsMartti Mölsä
23.2%
True FinnsVesa-Matti Saarakkala
23.2%
Social Democratic PartySusanna Huovinen
23.2%
Left AllianceAino-Kaisa Pekonen
23.2%
Centre PartyEerikki Viljanen
23.1%
National Coalition PartyPertti Salolainen
22.3%
Social Democratic PartyPia Viitanen
22.3%
Centre PartyEsko Kiviranta
21.4%
Centre PartyLasse Hautala
21.4%
National Coalition PartyMari-Leena Talvitie
21.4%
Social Democratic PartyJohanna Ojala-Niemelä
21.4%
Centre PartyAntti Kurvinen
20.5%
Centre PartyEeva-Maria Maijala
20.5%
True FinnsAri Jalonen
20.5%
National Coalition PartyKari Tolvanen
20.5%
National Coalition PartyHarri Jaskari
20.5%
Left AllianceKari Uotila
20.5%
True FinnsLea Mäkipää
19.6%
True FinnsMaria Tolppanen
19.6%
Social Democratic PartyIlkka Kantola
19.6%
Social Democratic PartySirpa Paatero
19.6%
Green LeagueJohanna Karimäki
19.6%
Centre PartyMikko Savola
18.8%
True FinnsVille Vähämäki
18.8%
National Coalition PartyMarkku Eestilä
18.8%
Social Democratic PartySuna Kymäläinen
18.8%
True FinnsArja Juvonen
17.9%
True FinnsReijo Hongisto
17%
Centre PartyArto Pirttilahti
16.1%
Centre PartyPertti Hakanen
16.1%
Centre PartyMarkku Rossi
16.1%
Centre PartyTuomo Puumala
16.1%
Centre PartyNiilo Keränen
16.1%
National Coalition PartyJukka Kopra
16.1%
National Coalition PartyEero Suutari
16.1%
Centre PartyAnne Kalmari
15.2%
National Coalition PartySanna Lauslahti
15.2%
Green LeagueHanna Halmeenpää
15.2%
Centre PartyJuha Pylväs
14.3%
Social Democratic PartyVille Skinnari
14.3%
Social Democratic PartySatu Taavitsainen
14.3%
Left AllianceKatja Hänninen
14.3%
Centre PartyAila Paloniemi
13.4%
Centre PartyMirja Vehkaperä
13.4%
True FinnsJari Ronkainen
13.4%
National Coalition PartySari Raassina
13.4%
Centre PartyPetri Honkonen
12.5%
Social Democratic PartyMerja Mäkisalo-Ropponen
12.5%
Centre PartyMarkku Pakkanen
11.6%
Centre PartyAri Torniainen
11.6%
True FinnsKari Kulmala
11.6%
Social Democratic PartyRiitta Myller
11.6%
Centre PartyHanna Kosonen
10.7%
Centre PartyMarisanna Jarva
10.7%
Social Democratic PartyAnneli Kiljunen
9.8%
Centre PartyAntti Rantakangas
8.9%
Social Democratic PartyKatja Taimela
8.9%
True FinnsAnne Louhelainen
6.3%
Centre PartyMartti Talja
5.4%
Centre PartyHannu Hoskonen
4.5%
Remove Ads.
Support Sporcle.
Get the best of Sporcle when you Go Orange. This ad-free experience offers more features, more stats, and more fun while also helping to support Sporcle. Thank you for becoming a member.

You're not logged in!

Compare scores with friends on all Sporcle quizzes.
OR
Log In

Show Comments

Extras

Top Quizzes Today


Score Distribution

Your Account Isn't Verified!

In order to create a playlist on Sporcle, you need to verify the email address you used during registration. Go to your Sporcle Settings to finish the process.

Report this User

Report this user for behavior that violates our Community Guidelines.

Details: